| 000 | 00374nam a22001217a 4500 | ||
|---|---|---|---|
| 082 |
_a625.7068 _bNAT |
||
| 100 |
_aNational Research Counil. _943623 |
||
| 245 |
_aConstruction programming and scheduling/ _bNational Research Counil.Highway research record number 32 |
||
| 300 | _a54 p. | ||
| 526 |
_a0 _b0 _c0 _d625_706800000000000_NAT |
||
| 650 |
_aMCE _9379 |
||
| 942 |
_2ddc _cBK |
||
| 999 |
_c547424 _d547424 |
||